000 00295nam a22001337a 4500
008 170204b xxu||||| |||| 00| 0 eng d
020 _a9781601511140
041 _aeng
080 _a61
100 _a3
101 _aSHM
245 _aCURRENT PROCEDURAL CODING EXPERT
_cINGENIX
942 _2udc
_cBK
999 _c4639
_d4639